Fundamentals of database systems / (Record no. 2580)

000 -LEADER
fixed length control field 01041cam a2200301 a 4500
001 - CONTROL NUMBER
control field 16156762
003 - CONTROL NUMBER IDENTIFIER
control field OSt
005 - DATE AND TIME OF LATEST TRANSACTION
control field 20160803153535.0
008 - FIXED-LENGTH DATA ELEMENTS--GENERAL INFORMATION
fixed length control field 100326s2011 maua b 001 0 eng
010 ## - LIBRARY OF CONGRESS CONTROL NUMBER
LC control number 2010010677
020 ## - INTERNATIONAL STANDARD BOOK NUMBER
International Standard Book Number 9780136086208 (alk. paper)
020 ## - INTERNATIONAL STANDARD BOOK NUMBER
International Standard Book Number 0136086209 (alk. paper)
035 ## - SYSTEM CONTROL NUMBER
System control number (OCoLC)ocn586123196
040 ## - CATALOGING SOURCE
Original cataloging agency DLC
Transcribing agency DLC
Modifying agency YDXCP
-- C#P
-- BWX
-- DLC
050 00 - LIBRARY OF CONGRESS CALL NUMBER
Classification number QA76.9.E57 2014
082 00 - DEWEY DECIMAL CLASSIFICATION NUMBER
Classification number 005.74
Edition number 22
100 1# - MAIN ENTRY--PERSONAL NAME
Personal name Elmasri, Ramez.
245 10 - TITLE STATEMENT
Title Fundamentals of database systems /
Statement of responsibility, etc Ramez Elmasri, Shamkant B. Navathe.
250 ## - EDITION STATEMENT
Edition statement 6th ed.
260 ## - PUBLICATION, DISTRIBUTION, ETC. (IMPRINT)
Place of publication, distribution, etc Boston :
Name of publisher, distributor, etc Addison-Wesley,
Date of publication, distribution, etc c2014.
300 ## - PHYSICAL DESCRIPTION
Extent xxvii, 1172 p. :
Other physical details ill. ;
Dimensions 24 cm.
504 ## - BIBLIOGRAPHY, ETC. NOTE
Bibliography, etc Includes bibliographical references and index.
650 #0 - SUBJECT ADDED ENTRY--TOPICAL TERM
Topical term or geographic name as entry element Database management.
700 1# - ADDED ENTRY--PERSONAL NAME
Personal name Navathe, Sham.
906 ## - LOCAL DATA ELEMENT F, LDF (RLIN)
a 7
b cbc
c orignew
d 1
e ecip
f 20
g y-gencatlg
942 ## - ADDED ENTRY ELEMENTS (KOHA)
Source of classification or shelving scheme
Koha item type Book
Holdings
Withdrawn status Lost status Source of classification or shelving scheme Damaged status Not for loan Home library Current library Shelving location Date acquired Total Checkouts Full call number Barcode Date last seen Copy number Price effective from Koha item type
          Riara University Library Riara University Library General stack 03/08/2016   QA76.9.E57 2014 8167/16 03/08/2016 C.1 03/08/2016 Book
          Riara University Library Riara University Library General stack 03/08/2016   QA76.9.E57 2014 8168/16 03/08/2016 C.2 03/08/2016 Book

Riara University Library,
P.O. Box 49940-00100,
Nairobi, Kenya.